00551nam a2200133 a 450000100100000000500170001000800410002704000250006808200150009310000310010824501690013926000920030830000170040000003140420200930062915.0110620s1938 dr r 000 | spa d aDO-SdBNPbspacBNPHU axxxxbO74m1 aOrnes de Perelló, Amanda10aManual de económia domestica :bdesarrollo del programa oficial de las escuelas de economía domestica de la República Dominicana /cAmanda Ornes de Perelló. aSantiago de los Caballeros, República Dominicana :bImprenta la Información,c1938. av. ;c17 cm.